Natural rubber latex concentrate- Preparation of dry films (Record no. 74159)

MARC details
000 -LEADER
fixed length control field 00387nam a2200121Ia 4500
245 #0 - TITLE STATEMENT
Title Natural rubber latex concentrate- Preparation of dry films
260 ## - PUBLICATION, DISTRIBUTION, ETC. (IMPRINT)
Place of publication New Delhi
260 ## - PUBLICATION, DISTRIBUTION, ETC. (IMPRINT)
Year of publication 1992
Name of publisher International Organizational for Standardization
500 ## - GENERAL NOTE
General note Standard number: ISO 498. Ed 2
650 ## - SUBJECT ADDED ENTRY--TOPICAL TERM
Topical Term Rubber latex concentrate
942 ## - ADDED ENTRY ELEMENTS (KOHA)
Koha item type Standards
Holdings
Withdrawn status Lost status Damaged status Not for loan Home library Current library Date acquired Koha item type
      Standards RRII Library RRII Library 31/12/2021 Standards